000
00241 a2200109 4500
001
73180
082
_a
923.1 ELL
090
_c
38871
_d
38871
100
_a
Elliot,H.M
245
_a
Memoirs of Jahangir
_c
Elliot
260
_b
Islamic Publication
942
_a
caenust
_k
923.1 ELL
999
_c
308253
_d
308253